000 00813nam a22002651 4500
001 26053
003 BD-RjUL
005 20220823133830.0
008 140320s1968 caub b 001 0 eng
035 _a(BD-RjUL)26123
040 _aDLC
_cDLC
_dDLC
_dBD-RjUL
_beng
041 _aeng
082 0 0 _a320.95414
_bBRE 1968
100 1 _aBroomfield, J. H.
_980043
245 1 0 _aElite conflict in a plural society :
_btwentieth-century Bengal /
_cJ. H. Broomfield.
260 _aBerkeley :
_bUniversity of California Press,
_cc1968.
300 _axv, 349 p. :
_bill., maps. ;
_c25 cm.
504 _aIncludes index.
650 0 _aHindus.
_923580
650 0 _aMuslims
_zBengal.
_979866
651 0 _aBengal (India)
_xPolitics and government.
_980044
942 _2ddc
_cBK
999 _c26053
_d26053